p-adic differential equations / (رقم التسجيلة. 21592)

تفاصيل مارك
000 -الفاتح
حقل البيانات ثابتة الطول 03285cam a2200385 a 4500
001 - رقم الضبط
رقم الضبط 16079467
003 - محدد رقم الضبط
رقم الضبط OSt
005 - وقت وتاريخ اخر تعامل مع التسجيلة
رقم الضبط 20150408114015.0
008 - عناصر البيانات ثابتة الطول - معلومات عامة
حقل البيانات ثابتة الطول 100201s2010 enka b 001 0 eng
010 ## - رقم ضبط مكتبة الكونجرس
رقم ضبط مكتبة الكونجرس 2010004489
015 ## - رقم الببليوجرافية الوطنية
رقم الببليوجرافية الوطنية GBB039433
المصدر bnb
016 7# - رقم ضبط الوكاله الوطنية للضبط الببليوجرافي
رقم ضبط التسجيلة 015510910
المصدر Uk
020 ## - الرقم الدولى المعيارى للكتب
الرقم الدولى المعيارى للكتاب 9780521768795 (hardback)
035 ## - رقم ضبط النظام
رقم ضبط النظام (OCoLC)ocn503072990
040 ## - مصدر الفهرسة
وكالة الفهرسة الأصلية DLC
وكالة النسخ DLC
وكالة التعديل YDX
-- BTCTA
-- UKM
-- YDXCP
-- BWK
-- CDX
-- BWX
-- IXA
-- IUL
-- DLC
050 00 - رقم طلب مكتبة الكونجرس
رقم التصنيف QA241
رقم المادة .K43 2010
082 00 - رقم تصنيف ديوى العشرى
رقم التصنيف 512.74
رقم الطبعة 22
100 1# - المدخل الرئيسى - إسم شخصى
الإسم الشخصى Kedlaya, Kiran Sridhara,
التواريخ المصاحبة للاسم 1974-
9 (RLIN) 14469
245 10 - بيان العنوان
العنوان p-adic differential equations /
بيان المسئوليه,etc Kiran S. Kedlaya.
260 ## - PUBLICATION, DISTRIBUTION, ETC. (IMPRINT)
مكان الناشر او الموزع Cambridge ;
-- New York :
اسم الناشر او الموزع Cambridge University Press,
تاريخ النشر أو التوزيع 2010.
300 ## - الوصف المادى
التعداد xvii, 380 p. :
تفاصيل ماديه اخرى للوعاء ill. ;
أبعاد الوعاء 24 cm.
490 1# - بيان السلسلة
عنوان السلسلة Cambridge studies in advanced mathematics ;
رقم المجلد/ التعيين التسلسلي 125
504 ## - تبصرة ببليوجرافية
تبصرة ببليوجرافية,الخ Includes bibliographical references and index.
505 0# - تبصرة محتويات-الفهرس
تبصرة المحتويات المصاغة Norms on algebraic structures -- Newton polygons -- Ramification theory -- Matrix analysis -- Formalism of differential algebra -- Metric properties of differential modules -- Regular singularities -- Rings of functions on discs and annuli -- Radius and generic radius of convergence -- Frobenius pullback and pushforward -- Variation of generic and subsidiary radii -- Decomposition by subsidiary radii -- p-adic exponents -- Formalism of difference algebra -- Frobenius modules -- Frobenius modules over the Robba ring -- Frobenius structures on differential modules -- Effective convergence bounds -- Galois representations and differential modules -- The p-adic local monodromy theorem -- The p-adic local monodromy theorem: proof -- Picard-Fuchs modules -- Rigid cohomology -- p-adic Hodge theory.
520 ## - التبصرة الخاصة بالتعليق أو التلخيص
ملخص,الخ "Over the last 50 years the theory of p-adic differential equations has grown into an active area of research in its own right, and has important applications to number theory and to computer science. This book, the first comprehensive and unified introduction to the subject, improves and simplifies existing results as well as including original material. Based on a course given by the author at MIT, this modern treatment is accessible to graduate students and researchers. Exercises are included at the end of each chapter to help the reader review the material, and the author also provides detailed references to the literature to aid further study"--Provided by publisher.
520 ## - التبصرة الخاصة بالتعليق أو التلخيص
ملخص,الخ "Although the very existence of a highly developed theory of p-adic ordinary differential equations is not entirely well known even within number theory, the subject is actually almost 50 years old. Here are circumstances, past and present, in which it arises"-- Provided by publisher.
650 #0 - المدخل الاضافى بالموضوع-مصطلح موضوعى
مصطلح موضوعي أو اسم جغرافي كعنصر مدخل p-adic analysis.
9 (RLIN) 10564
650 #0 - المدخل الاضافى بالموضوع-مصطلح موضوعى
مصطلح موضوعي أو اسم جغرافي كعنصر مدخل Differential equations.
830 #0 - المدخل الاضافى بالسلسلة -عنوان موحد
عنوان موحد Cambridge studies in advanced mathematics ;
رقم المجلد/ التعيين التسلسلي 125.
9 (RLIN) 14470
856 41 - الوصول و الموقع الالكترونى
مواد محددة Table of contents only
معرف المصدر الموحد <a href="http://www.loc.gov/catdir/enhancements/fy1006/2010004489-t.html">http://www.loc.gov/catdir/enhancements/fy1006/2010004489-t.html</a>
856 42 - الوصول و الموقع الالكترونى
مواد محددة Publisher description
معرف المصدر الموحد <a href="http://www.loc.gov/catdir/enhancements/fy1006/2010004489-d.html">http://www.loc.gov/catdir/enhancements/fy1006/2010004489-d.html</a>
856 42 - الوصول و الموقع الالكترونى
مواد محددة Contributor biographical information
معرف المصدر الموحد <a href="http://www.loc.gov/catdir/enhancements/fy1006/2010004489-b.html">http://www.loc.gov/catdir/enhancements/fy1006/2010004489-b.html</a>
942 ## - عناصر المدخل الإضافي( كوها)
مصدر التصنيف او مخطط الترفيف Dewey Decimal Classification
Koha [default] item type كتاب
المقتنيات
حالة الفقد نموذج السعر الفعال حالة تلف ليس للاعارة رقم الطلب تاريخ الاكتساب الموقع الحالي الباركود الفرع الرئيسي Date last seen نوع المادة فى نظام كوها مصدر التصنيف او خطة الترفيف Total Checkouts
  2013-03-10     512.74 K K P 2012-06-02 مكتبة كلية التربية بالزلفى - طالبات (EZF) 00086694 مكتبة كلية التربية بالزلفى - طالبات (EZF) 2013-03-10 كتاب Dewey Decimal Classification  
  2013-03-10     512.74 K K P 2012-06-02 مكتبة كلية التربية بالزلفى - طالبات (EZF) 00086695 مكتبة كلية التربية بالزلفى - طالبات (EZF) 2013-03-10 كتاب Dewey Decimal Classification  
  2013-03-10     512.74 K K P 2012-06-04 مكتبة كلية التمريض - طالبات (CNF) 00088053 مكتبة كلية التمريض - طالبات (CNF) 2013-03-10 كتاب Dewey Decimal Classification  
  2013-03-10     512.74 K K P 2012-06-04 مكتبة كلية التمريض - طالبات (CNF) 00088054 مكتبة كلية التمريض - طالبات (CNF) 2013-03-10 كتاب Dewey Decimal Classification  
  2013-03-10     512.74 K K P 2012-05-20 مكتبة مجمع الطالبات بالمجمعة (EMF) 00086561 مكتبة مجمع الطالبات بالمجمعة (EMF) 2013-03-10 كتاب Dewey Decimal Classification  
  2013-03-10     512.74 K K P 2012-05-20 مكتبة مجمع الطالبات بالمجمعة (EMF) 00086562 مكتبة مجمع الطالبات بالمجمعة (EMF) 2013-03-10 كتاب Dewey Decimal Classification  
  2013-03-10     512.74 K K P 2012-06-01 مكتبة مجمع الكليات بالزلفى - طلاب (SZM) 00086324 مكتبة مجمع الكليات بالزلفى - طلاب (SZM) 2013-03-10 كتاب Dewey Decimal Classification  
  2013-03-10     512.74 K K P 2012-06-01 مكتبة مجمع الكليات بالزلفى - طلاب (SZM) 00086323 مكتبة مجمع الكليات بالزلفى - طلاب (SZM) 2013-03-10 كتاب Dewey Decimal Classification